Praha 1945 očima fotografa
| Titel: | Praha 1945 očima fotografa / Josef Voříšek |
|---|---|
| Verfasser: | |
| Ausgabe: | Vyd. 1 |
| Veröffentlicht: | Cheb : Svět křídel, 2013 |
| Umfang: | 127 S. : überwiegend Ill. ; 25 cm |
| Format: | Buch |
| Sprache: | Tschechisch |
| ISBN: | 9788087567388 ; 8087567382 |
| Lokale Klassifikation: | 23 9 G ; 22 9 G ; 22 7 N ; 23 8 P 301 |
|---|
alg: 33545531 001A $03004:14-01-14 001B $06055:06-03-26 $t20:56:43.000 001C $03004:14-01-14 $t14:40:12.000 001D $03004:24-04-14 001U $0utf8 001X $00 002@ $0Aau 003@ $033545531X 004A $A978-80-87567-38-8 004A $080-87567-38-2 007A $033545531X $aHEB 010@ $acze 011@ $a2013 013D $RBuch $RBildliche Darstellung $#Bildband $#Abbildungen Formschlagwort $#Ansichtspostkarte Formschlagwort $#Bildatlas $#Bilddokumente $#Bilder Formschlagwort $#Bildmaterial Formschlagwort $#Ansichten Formschlagwort $#Bildsammlung $#Abbildungswerk $#Illustrationswerk $#Photographien-Bildband $#Fotographien-Bildband $#Bildbände $D20251120 $Ecgmnf $74145395-5 $8Bildband [Tsz] $9085578738 021A $aPraha 1945 očima fotografa $hJosef Voříšek 028A $71047167875 $8Voříšek, Josef$Z1902-1980 [Tp3] $9336085028 032@ $aVyd. 1 033A $pCheb $nSvět křídel 034D $a127 S. 034I $a25 cm 034M $aüberwiegend Ill. 044K $RKrieg $#War Termination $#Guerre Fin $#Kriegsende $#Kriegsbeendigung/Kriegsende $#Kriegsbeendigungsabkommen $#Krieg Ende $D20251120 $Ecgmnf $74114316-4 $8Kriegsende [Ts1] $9085341592 044K $#Prag $#Hlavni Město Praha $#Hauptstadt Prag $#Kraj Praha $#Bezirk Prag $#Praha $#Prague $#Praga $#Praag $#Boiemorum Casurgis $#Bojemorum Casurgis $#Casurgis $#Regia Boiemorum Casurgis $#Regia Bojemorum Casurgis $D20251120 $Ecgmnf $74076310-9 $8Prag [Tg1] $9085216283 045F $a709.4371 $eDDC23BSB 045F/01 $a709 045F/03 $g4371 045F/03 $g437 045G $a900.943709043 $eDDC23BSB 045G/01 $a900 045G/03 $f09043 045G/03 $f09044 045G/03 $g437 lok: 33545531 24 101B $024-04-14 $t14:35:01.000 101C $024-04-14 101U $0utf8 145Z/01 $a23 9 G 145Z/02 $a22 9 G 145Z/03 $a22 7 N 145Z/04 $a23 8 P 301 exp: 33545531 24 1 #EPN 201B/01 $024-04-14 $t14:35:01.000 201C/01 $014-01-14 201U/01 $0utf8 203@/01 $0725613696 208@/01 $a24-04-14 $bz 209A/01 $a14.01073 $du $f050 $h14 01073 $x00 209C/01 $a14.01073 K $h14 01073 K 209G/01 $a73048214 $x00 220C/01 $akon 247C/01 $8358050-7Marburg, Bibliothek des Herder-Instituts Marburg $9102600961
| LEADER | 00000cam a2200000 c 4500 | ||
|---|---|---|---|
| 001 | 33545531X | ||
| 003 | DE-603 | ||
| 005 | 20260306205643.0 | ||
| 007 | tu | ||
| 008 | 140114s2013 xx |||| | u00||u|cze c | ||
| 020 | |a 9788087567388 | ||
| 020 | |a 8087567382 | ||
| 035 | |a (DE-599)HEB33545531X | ||
| 040 | |a DE-603 |b ger |c DE-603 |d DE-603 | ||
| 041 | |a cze | ||
| 082 | 0 | 4 | |8 1\u |a 709.4371 |q DE-101 |2 23/BSB |
| 083 | 0 | |8 2\u |a 900.943709043 |q DE-101 |2 23/BSB | |
| 085 | |8 1\u |b 709 | ||
| 085 | |8 1\u |z 2 |s 4371 | ||
| 085 | |8 1\u |z 2 |s 437 | ||
| 085 | |8 2\u |b 900 | ||
| 085 | |8 2\u |z 1 |s 09043 | ||
| 085 | |8 2\u |z 1 |s 09044 | ||
| 085 | |8 2\u |z 2 |s 437 | ||
| 100 | 1 | |a Voříšek, Josef |d 1902-1980 |0 (DE-603)336085028 |0 (DE-588)1047167875 |2 gnd | |
| 245 | 0 | 0 | |a Praha 1945 očima fotografa |c Josef Voříšek |
| 250 | |a Vyd. 1 | ||
| 264 | 1 | |a Cheb |b Svět křídel |c 2013 | |
| 300 | |a 127 S. |b überwiegend Ill. |c 25 cm | ||
| 650 | 7 | |a Kriegsende |0 (DE-588)4114316-4 |0 (DE-603)085341592 |2 gnd | |
| 651 | 7 | |a Prag |0 (DE-588)4076310-9 |0 (DE-603)085216283 |2 gnd | |
| 655 | 7 | |a Bildband |2 gnd-content |0 (DE-588)4145395-5 |0 (DE-603)085578738 | |
| 924 | 0 | |9 Mb 50 |a (DE-603)725613696 |b DE-Mb50 |c HES |d c |g 14.01073 | |


